Statistics for Name the Top 50 Sports Colleges in America

Click here to take the quiz!

General Stats

  • This quiz has been taken 36 times
  • The average score is 10 of 50

Answer Stats

RankSchool% Correct
31UCLA
71%
19Duke
65%
12Florida State
59%
15Michigan State
56%
30Penn State
50%
2Louisiana State
47%
11The Ohio State
47%
23Stanford
41%
48Boston College
38%
4Clemson
38%
45Arizona State
35%
22Notre Dame
35%
33Texas A&M
35%
16Baylor
32%
10Villanova
26%
38Mississippi State
24%
3University of Alabama
24%
21Syracuse
21%
50Texas Christian
21%
1University of Florida
21%
20Auburn
18%
9University of Georgia
18%
29University of Michigan
18%
7University of North Carolina
18%
14University of Texas
15%
42University of Arizona
12%
27University of Kansas
12%
5University of Oklahoma
12%
47University of Oregon
12%
34University of Tennessee
12%
18University of Virginia
12%
44University of Washington
12%
6University of Connecticut
9%
24University of Kentucky
9%
13University of Maryland
9%
26University of South Carolina
9%
8University of Southern California
9%
17University of Miami
6%
43University of Minnesota
6%
39Indiana University
3%
49University of Iowa
3%
28University of Louisville
3%
35University of Missisippi
3%
40University of North Dakota
3%
32University of Wisconsin
3%
46Appalachian State
0%
41Grand Valley State
0%
25North Dakota State
0%
37Northwest Missouri State
0%
36South Dakota State
0%

Score Distribution

Percentile by Number Answered

Percent of People with Each Score

Your Score History

You have not taken this quiz